|
|
|
|
| LEADER |
01510Cam#a2200373#a#4500 |
| 001 |
024465 |
| 003 |
AR-BeUNQ |
| 005 |
20220824144729.0 |
| 008 |
130307s2012####ag # ##m a000|0#spa#d |
| 999 |
|
|
|c 1184
|d 76571
|
| 040 |
|
|
|a AR-BeUNQ
|b spa
|e aacr
|
| 082 |
0 |
4 |
|a 428.0071
|2 21
|
| 100 |
1 |
|
|a Ramos, Ethel.
|
| 245 |
0 |
2 |
|a La enseñanza del idioma inglés en el ámbito universitario :
|b diferentes métodos y enfoques utilizados en el aprendizaje de una segunda lengua.
|c Ethel Ramos.
|
| 260 |
|
|
|a 2012
|
| 300 |
|
|
|a 161 h. ;
|c 30 cm.
|
| 500 |
|
|
|a Director de tesis: Javier Araujo.
|
| 500 |
|
|
|a Trabajo de tesis presentado para la obtención del grado de Magíster en Ciencias Sociales y Humanidades, orientación en Evaluación e Investigación Educativa.
|
| 502 |
|
|
|a Tesis (maestría) -- Universidad Nacional de Quilmes, 2012.
|
| 504 |
|
|
|a Bibliografía: p. 106-113.
|
| 594 |
|
|
|a MAESTRIA EN CIENCIAS SOCIALES Y HUMANIDADES
|
| 650 |
|
7 |
|a Enseñanza de idiomas
|2 spines
|
| 650 |
|
7 |
|a Lengua inglesa
|2 spines
|
| 650 |
|
7 |
|a Universidades
|2 spines
|
| 650 |
|
7 |
|a Estudiantes superiores
|2 spines
|
| 650 |
|
7 |
|a Métodos pedagógicos
|2 spines
|
| 650 |
|
7 |
|a Lingüística
|2 spines
|
| 651 |
|
7 |
|a Argentina
|2 spines
|
| 653 |
|
|
|a Psicología cognitiva
|
| 655 |
|
4 |
|a Tesis de maestrìa
|
| 700 |
1 |
|
|a Araujo, Javier,
|d dir. de tesis.
|4 ths
|
| 710 |
2 |
|
|a Universidad Nacional de Quilmes,
|e dgg.
|
| 929 |
|
|
|a DONACION
|b Secretaría de Posgrado
|d 0
|e 20130225
|f PAT0047982
|g 2285 Exp. 827-0387/98
|j 48876
|
| 942 |
|
|
|c TM
|n 0
|